| 000 | 00694nam a2200205 i 4500 | ||
|---|---|---|---|
| 001 | 190129 | ||
| 003 | ES-MaACL | ||
| 005 | 20250827062643.0 | ||
| 008 | 200731s1845 sp |||| | spa d | ||
| 080 | _a342.518(460)"1845"(094.5) | ||
| 110 | 1 |
_aEspaña _93622 |
|
| 240 | 1 | 0 | _aLey de organización y atribuciones del Consejo Real, 1845 |
| 245 | 1 | 0 | _aLey de organización y atribuciones del Consejo Real y Real Decreto de 22 de setiembre de 1845. |
| 260 |
_aMadrid : _b[s.n.], _c1845 ( _fImp. Nacional) |
||
| 300 |
_a14 p. ; _c21 cm. |
||
| 610 | 1 | 7 |
_aEspaña. _bConsejo Real _2 _9170228 |
| 852 | 4 |
_aES-MaACL _jT-140-F-4 |
|
| 852 | 4 |
_aES-MaACL _jT-549-F-2 |
|
| 999 |
_c190129 _d190129 |
||